Allgemeinwissen-Fussball - Statistiken

Allgemein
  • Dieses Quiz wurde 29 mal gespielt
  • Das Durchschnittsergebnis liegt bei 2 aus 10
Antwortstatistiken
Hint Antwort % Korrekt
Welcher Fußballer hat die meisten Schuhe verloren?A) Lionel Messi B) Cristiano Ronaldo C) Ein random Kreisliga-Spieler D) Thomas Müller Ein random Kreisliga-Spieler
100%
Was passiert, wenn ein Ball zu müde ist, um weiterzuspielen?A) Er bekommt eine Pause B) Er wird durch einen Tennisball ersetzt C) Der Schiedsrichter pfeift wegen „Ballerschöpfung“ ab D) Der Ball ruht sich im Tornetz aus Der Schiedsrichter pfeift wegen ,,Ballerschöpfung“ ab
28%
Warum gibt es in der Kreisliga keine VAR?A) Zu teuer B) Weil alle eh alles besser wissen C) Der VAR würde vor Scham kündigen D) Weil die Kamera nur Bierflaschen filmt Weil alle eh alles besser wissen
24%
Wie kann man einen Elfmeter zu 100 % treffen?A) Augen zu und durch B) Dem Torwart vorher erzählen, dass du in die Mitte schießt C) Den Ball direkt ins Tor tragen D) Einfach nicht schießen Einfach nicht schießen
16%
Warum rutscht der Rasen immer aus, wenn es regnet?A) Er hat schlechte Fußballschuhe B) Die Erde will mitspielen C) Weil er einfach faul ist D) Die Kreide für die Linien ist zu rutschig Er hat schlechte Fussballschuhe
16%
Welche geheime Regel wurde 2024 von der FIFA fast eingeführt?A) Zwei Bälle gleichzeitig im Spiel B) Gelbe Karten für hässliche Frisuren C) Pflichtjubel nach jedem Tor D) Der Schiedsrichter muss in der Halbzeit tanzen Gelbe Karten für hässliche Frisuren
16%
Wie gewinnt man ein Spiel, ohne ein Tor zu schießen?A) Der Gegner kommt einfach nicht B) Man spielt so schlecht, dass der Gegner vor Lachen aufgibt C) Der Schiri vergisst, dass Tore zählen D) Man besticht den Ball Man besticht den Ball
16%
Was tun Fußballer heimlich während des Spiels?A) Ihre Haare im Spiegel der Kameras checken B) Mit dem Rasen über das Wetter reden C) In Gedanken ihre nächste Instagram-Story planen D) Versuchen, das Spiel zu verstehen Versuchen, das Spiel zu verstehen
12%
Was ist das geheime Talent von Torhütern?A) Sie können den Ball riechen B) Sie haben einen unsichtbaren Magnet in den Handschuhen C) Sie schreien lauter als Stürmer jubeln D) Sie können Regen stoppen, wenn sie genervt sind Sie können Regen stoppen, wenn sie genervt sind
8%
Welche Taktik wurde noch nie ausprobiert?A) Alle 11 Spieler stehen auf der Torlinie B) Der Torwart spielt als Stürmer C) Der Ball wird mit der Hand geworfen (aber nur ganz unauffällig) D) Die Spieler tanzen vor dem Freistoß, um die Mauer zu verwirren Der Torwart spielt als Stürmer
4%
Keine übereinstimmenden Quizze gefunden
Verteilung der Resultate
Anzahl Personen mit jedem Resultat
Perzentil nach korrekt beantworteten Fragen
Ihre Resultats-Entwicklung
Sie haben dieses Quiz noch nicht gespielt